[Event "NED-ch U13"]
[Site "Rijswijk"]
[Date "2011.06.03"]
[Round "6"]
[White "Bolleman, Danilo"]
[Black "Klijn, Hugo"]
[Result "1-0"]
[WhiteElo "1252"]
[BlackElo "982"]
[PlyCount "89"]
[EventDate "2011.06.02"]
[EventType "swiss"]
[EventRounds "9"]
[EventCountry "NED"]
[SourceTitle "EXT 2012"]
[Source "ChessBase"]
[SourceDate "2011.11.24"]
[SourceVersion "1"]
[SourceVersionDate "2011.11.24"]
[SourceQuality "1"]

1. e4 e5 2. d4 Nf6 3. Nc3 Bb4 4. f3 d5 5. dxe5 Nfd7 6. Qxd5 0-0 7. Bd2 c6 8. Qb3 Bc5 9. e6 fxe6 10. Qxe6+ Kh8 11. Qg4 Ne5 12. Qg3 Bd6 13. Qf2 Be6 14. 0-0-0 Nbd7 15. Nge2 Nc5 16. Bf4 Qe7 17. Qd4 Rad8 18. Bxe5 Bxe5 19. Qxe5 Rxd1+ 20. Kxd1 Qf7 21. Qxc5 Rd8+ 22. Kc1 Bxa2 23. b3 Qd7 24. Kb2 b6 25. Qa3 a5 26. Kxa2 Qd2 27. Qc1 b5 28. Qxd2 Rxd2 29. Kb2 b4 30. Na4 Kg8 31. Nf4 Kf7 32. Bd3 Rf2 33. Re1 Ke7 34. Re2 Rf1 35. c3 Kd6 36. e5+ Ke7 37. cxb4 axb4 38. Rc2 Kd7 39. Bxf1 g5 40. Nc5+ Ke7 41. Nh5 h6 42. Rd2 g4 43. Rd7+ Ke8 44. Nf6+ Kf8 45. Ne6# 1-0

[Event "NED-ch U13"]
[Site "Rijswijk"]
[Date "2011.06.03"]
[Round "4"]
[White "Klijn, Hugo"]
[Black "Van Roon, Sjoerd"]
[Result "0-1"]
[WhiteElo "982"]
[BlackElo "1322"]
[PlyCount "52"]
[EventDate "2011.06.02"]
[EventType "swiss"]
[EventRounds "9"]
[EventCountry "NED"]
[SourceTitle "EXT 2012"]
[Source "ChessBase"]
[SourceDate "2011.11.24"]
[SourceVersion "1"]
[SourceVersionDate "2011.11.24"]
[SourceQuality "1"]

1. e4 d5 2. exd5 Nf6 3. Bc4 Nxd5 4. Nf3 Bg4 5. h3 Bh5 6. 0-0 Nc6 7. Bb5 e5 8. Re1 Bd6 9. c4 Nde7 10. Nc3 0-0 11. Bxc6 Nxc6 12. g4 Bg6 13. d4 exd4 14. Nxd4 Qh4 15. Qf3 Nxd4 16. Qg2 Nc2 17. Be3 Nxa1 18. Rxa1 f5 19. gxf5 Bxf5 20. Bd4 Qxd4 21. Ne2 Qh4 22. Rf1 Bxh3 23. Qh1 Qg4+ 24. Ng3 Bxg3 25. f4 Bh4+ 26. Kh2 Qg3# 0-1